000 00569nam a2200217Ia 4500
005 20250217045320.0
008 240331s9999 xx 000 0 und d
020 _a9679973220
082 _bWEL
_2291
_a305.4
100 _aWells, T
100 _aSim, F. G
245 0 _aTill They Have Faces:
_bWomen as Consumers
260 _aMalaysia
_bInternational Organization of Consumers Unions
_c1987
260 _aRome
_bIsis International
_c1987
300 _a133 p.,
650 _aWomen
650 _aHealth
650 _aTechnology
650 _aTransport
942 _cL
999 _c1725
_d1725